000
00324nam a22001457a 4500
008
221109b ||||| |||| 00| 0 eng d
020
_a
2740216169525
041
_a
eng
080
_2
sixth edition
_a
004
082
_a
004 OWE
100
_a
18
101
_a
SHK
245
_a
LANGUAGE DISORDERS
_c
OWENS R
942
_2
udc
_c
BK
999
_c
58808
_d
58808